000 00526nam a2200169Ia 4500
003 GCL
008 140319s9999 xx 000 0 ara d
040 _aGCL /
_cGCL
082 0 4 _aط
_b813.087
_bم ح
100 1 _aمنير على الجنزورى
245 1 0 _aمعتز وزيزى والقمر الصناعى /
_cمنير على الجنزورى
490 _aحكايات علمية مبسطه
_v0
650 0 4 _aالاطفال
650 0 4 _aقصص الاطفال
650 0 4 _aالقصص العلمية
942 _2ddc
_cBK
999 _c42356
_d42356